000 00893nam a22002897a 4500
001 BR9506906
003 BR-BrBNA
005 20230928094553.0
007 ta
008 230509b bl.||||| |||| 00| 0 por d
040 _aBR-BrBNA
_bpor
_cBiblioteca Nacional de Agricultura
041 _a(Por)
072 _aM12
_b8520
090 _ 8520 BR9506906
100 1 _aTeixeira, R.D.
110 1 _aAcademia Brasileira de Estudos Tecnicos em Ranicultura, Vicosa, MG (Brasil)
_915
111 1 _a1. International Meeting on Frog Research and Technology8. ENAR - Encontro Nacional de Ranicultura
_cVicosa, MG (Brazil)
_d3-8 Feb 1995
245 1 _aAbate e comercializacao de ras
260 3 _aVicosa, MG (Brasil):
_c1995.
300 _a34 p.
500 _a18 ref.
650 _aRa
650 _aAbate
650 _aHigiene Veterinaria
909 _a202309
_bLucia
_c55
_dLucia Elande
942 _cBK
999 _c51409
_d51409